[Event "XVI Festival A"]
[Site "Porto San Giorgio ITA"]
[Date "2004.08.25"]
[Round "5"]
[White "Naumkin, Igor"]
[Black "Burmakin, Vladimir"]
[Result "1/2-1/2"]
[WhiteElo "2457"]
[BlackElo "2551"]
[PlyCount "25"]
[EventDate "2004.08.21"]

1. d4 c6 2. c4 d5 3. Nc3 Nf6 4. Nf3 a6 5. c5 Nbd7 6. Bf4 Nh5 7. e3 g6 8. h4 Bg7
9. Qd2 O-O 10. Ne2 Re8 11. Ne5 Nxf4 12. exf4 Nf8 13. h5 1/2-1/2

[Event "XVI Festival A"]
[Site "Porto San Giorgio ITA"]
[Date "2004.08.25"]
[Round "5"]
[White "Nijboer, Friso"]
[Black "Hoelzl, Franz"]
[Result "1-0"]
[WhiteElo "2568"]
[BlackElo "2373"]
[PlyCount "79"]
[EventDate "2004.08.21"]

1. e4 c5 2. Nf3 d6 3. d4 cxd4 4. Nxd4 Nf6 5. Nc3 Bd7 6. f3 Qb6 7. g4 h6 8. Nb3
Nc6 9. Qe2 Ne5 10. Be3 Qc7 11. h4 a6 12. Rg1 Be6 13. O-O-O Bc4 14. Qf2 Bxf1 15.
Bb6 Qc6 16. Na5 Qc8 17. Rgxf1 e6 18. g5 Nfd7 19. f4 Ng4 20. Qg1 hxg5 21. Qxg4
Nxb6 22. hxg5 Qc5 23. Nb3 Qe3+ 24. Kb1 Nc4 25. g6 Qh3 26. Qe2 Rc8 27. gxf7+
Kxf7 28. f5 e5 29. Nd5 Be7 30. Nd2 Nxd2+ 31. Qxd2 Rc6 32. c3 Qg4 33. Qc2 Rh3
34. Rg1 Rg3 35. Rh1 Qf3 36. Rc1 Qd3 37. Ka1 Qb5 38. Qd1 Ke8 39. Qh5+ Kd8 40.
Qh8+ 1-0

[Event "XVI Festival A"]
[Site "Porto San Giorgio ITA"]
[Date "2004.08.25"]
[Round "5"]
[White "Pepe, Mario"]
[Black "Laketic, Gojko"]
[Result "0-1"]
[WhiteElo "2145"]
[BlackElo "2403"]
[PlyCount "104"]
[EventDate "2004.08.21"]

1. e4 c6 2. d4 d5 3. exd5 cxd5 4. Bd3 Nc6 5. Nf3 Bg4 6. c3 Nf6 7. O-O e6 8.
Nbd2 Bd6 9. Re1 Qc7 10. Nf1 Bh5 11. Bg5 Bg6 12. Bh4 O-O 13. Bg3 Bxd3 14. Qxd3
Bxg3 15. Nxg3 Rab8 16. Ne5 b5 17. Rac1 Rfc8 18. Qe2 b4 19. Nf3 Qa5 20. cxb4
Qxb4 21. Qa6 Qb6 22. Qxb6 axb6 23. a3 Na5 24. Ne2 Nc4 25. Rc2 Ne4 26. Rec1 Ned6
27. a4 f6 28. b3 Na5 29. Rc3 Rxc3 30. Rxc3 Ne4 31. Rd3 b5 32. b4 bxa4 33. Nd2
Rxb4 34. f3 Nxd2 35. Rxd2 Nb3 36. Rb2 Rc4 37. Kf2 Kf8 38. Ke3 Ke7 39. h3 Kd6
40. g4 e5 41. dxe5+ fxe5 42. Kd3 Kc5 43. Nc3 Rd4+ 44. Ke3 Kb4 45. Na2+ Ka3 46.
Re2 Rc4 47. Rf2 Nc5 48. Re2 Kb3 49. h4 a3 50. h5 d4+ 51. Kf2 Nd3+ 52. Kf1 Rc2
0-1

[Event "XVI Festival A"]
[Site "Porto San Giorgio ITA"]
[Date "2004.08.25"]
[Round "5"]
[White "Roeder, Matthias"]
[Black "Cerquitella, Luca"]
[Result "1/2-1/2"]
[WhiteElo "2431"]
[BlackElo "2173"]
[PlyCount "134"]
[EventDate "2004.08.21"]

1. d4 Nf6 2. c4 e6 3. Nf3 b6 4. Nc3 Bb4 5. Bg5 h6 6. Bh4 g5 7. Bg3 Ne4 8. Qc2
Bb7 9. e3 Bxc3+ 10. bxc3 d6 11. Bd3 Nxg3 12. fxg3 Nd7 13. O-O Qe7 14. a4 a5 15.
Be4 Bxe4 16. Qxe4 O-O 17. Qc6 Rac8 18. e4 Nf6 19. Nd2 Qd7 20. Qb5 Qxb5 21. cxb5
Kg7 22. Rf3 Rce8 23. Raf1 Nd7 24. g4 f6 25. Kf2 Rf7 26. Ke2 Ree7 27. Kd3 Nf8
28. Nc4 Ng6 29. g3 Rd7 30. Ne3 Rd8 31. R3f2 Rh8 32. Ke2 Re8 33. Rh1 Rff8 34. h4
Rh8 35. Rhf1 Rhf8 36. h5 Ne7 37. Kd3 Rd8 38. Rc1 Rd7 39. Rd2 Rfd8 40. Rcc2 Rf8
41. Rd1 Rfd8 42. Ke2 Kg8 43. c4 Kf8 44. Rdc1 Kf7 45. Rf1 Kg7 46. Kd3 Rf8 47.
Rcf2 Rdd8 48. Kc3 Rde8 49. Kd3 Rd8 50. Kc2 Ng8 51. Rd2 Rd7 52. Rfd1 Rfd8 53. c5
dxc5 54. dxc5 Rxd2+ 55. Rxd2 Rxd2+ 56. Kxd2 Ne7 57. cxb6 cxb6 58. Nc4 Nc8 59.
Kd3 Kf7 60. Kd4 Ke7 61. e5 Kf7 62. exf6 Kxf6 63. Ke4 Kf7 64. Kd4 Kf6 65. Ke4
Kf7 66. Kd3 Ke7 67. Kd4 Kf6 1/2-1/2

[Event "XVI Festival A"]
[Site "Porto San Giorgio ITA"]
[Date "2004.08.25"]
[Round "5"]
[White "Rotoni, Matteo"]
[Black "Bukal, Vladimir jr"]
[Result "0-1"]
[WhiteElo "2101"]
[BlackElo "2390"]
[PlyCount "116"]
[EventDate "2004.08.21"]

1. e4 e6 2. d4 d5 3. Nc3 Bb4 4. Bd2 Ne7 5. Qg4 Ng6 6. e5 c5 7. dxc5 Nc6 8. Bd3
Bxc5 9. Nf3 O-O 10. Qh5 Nb4 11. Nb5 Nxd3+ 12. cxd3 Qb6 13. d4 Qxb5 14. dxc5 b6
15. b3 bxc5 16. Nh4 Ba6 17. Nxg6 fxg6 18. Qd1 Rf5 19. f3 Rxe5+ 20. Kf2 Re2+ 21.
Kg3 Qd3 22. Bf4 g5 23. Bd6 Qe3 24. Qg1 Qxg1 25. Rhxg1 Rc8 26. Rge1 Rxe1 27.
Rxe1 Kf7 28. Rc1 c4 29. Be5 Rc6 30. Bd4 Rc7 31. a4 Rb7 32. bxc4 Bxc4 33. Rc2 a5
34. Bc3 Kg6 35. Kf2 Rb1 36. Bxa5 Ra1 37. Bc3 Rxa4 38. Rb2 h5 39. Rb7 Ra2+ 40.
Rb2 Ra3 41. Be5 Ra1 42. g4 Rf1+ 43. Kg2 hxg4 44. fxg4 Re1 45. Bc3 Re4 46. h3 d4
47. Ba5 Re3 48. Bb6 e5 49. Rd2 Re1 50. Bxd4 exd4 51. Rxd4 Be6 52. Rb4 Kf6 53.
Rb5 Rd1 54. Rb2 Bd5+ 55. Kh2 Ke5 56. Rf2 g6 57. Rb2 Kf4 58. Rf2+ Bf3 0-1

[Event "XVI Festival A"]
[Site "Porto San Giorgio ITA"]
[Date "2004.08.25"]
[Round "5"]
[White "Rovedi, Mauro"]
[Black "Rigo, Janos"]
[Result "1/2-1/2"]
[WhiteElo "1957"]
[BlackElo "2314"]
[PlyCount "41"]
[EventDate "2004.08.21"]

1. d4 Nf6 2. c4 e6 3. Nf3 b6 4. g3 Ba6 5. b3 b5 6. Bg2 bxc4 7. Ne5 d5 8. bxc4
Bb4+ 9. Bd2 Bd6 10. Qa4+ c6 11. Bb4 O-O 12. Nd2 Bxb4 13. Qxb4 dxc4 14. Ndxc4
Nd5 15. Qa3 f6 16. Nxc6 Nxc6 17. Qxa6 Ndb4 18. Qa3 Qxd4 19. Rc1 Rac8 20. O-O
Nd5 21. Rfd1 1/2-1/2

[Event "XVI Festival A"]
[Site "Porto San Giorgio ITA"]
[Date "2004.08.25"]
[Round "5"]
[White "Sbraccia, Giovanni"]
[Black "Di Donatantonio, Franco"]
[Result "1-0"]
[WhiteElo "2140"]
[BlackElo "2012"]
[PlyCount "66"]
[EventDate "2004.08.21"]

1. Nf3 Nf6 2. g3 c5 3. Bg2 g6 4. O-O Bg7 5. c4 O-O 6. d4 cxd4 7. Nxd4 Nc6 8.
Nc3 Qb6 9. e3 d6 10. Qd2 Qc5 11. Ndb5 Qh5 12. Qe2 Bg4 13. f3 Bh3 14. Bd2 Bxg2
15. Kxg2 Qf5 16. Rad1 Qc8 17. b3 Nd7 18. Nd5 a6 19. Nd4 Re8 20. Be1 Nxd4 21.
exd4 e6 22. Nc3 Qc7 23. Bf2 b5 24. Rc1 bxc4 25. bxc4 Qa5 26. Ne4 Qc7 27. c5
dxc5 28. dxc5 Reb8 29. Rb1 Qc6 30. Qd2 Bf8 31. Qxd7 Qc8 32. Qxc8 Rxc8 33. Rb7
Rc6 1-0

[Event "XVI Festival A"]
[Site "Porto San Giorgio ITA"]
[Date "2004.08.25"]
[Round "5"]
[White "Schaefer, Michael"]
[Black "Rinaudo, Andrea"]
[Result "1/2-1/2"]
[WhiteElo "2180"]
[BlackElo "2018"]
[PlyCount "26"]
[EventDate "2004.08.21"]

1. d4 Nf6 2. c4 e6 3. g3 d5 4. Nf3 c6 5. Bg2 Nbd7 6. O-O Bd6 7. Nc3 O-O 8. Qc2
dxc4 9. e4 e5 10. Rd1 exd4 11. Nxd4 Ne5 12. h3 Nd3 13. Be3 Qe7 1/2-1/2

[Event "XVI Festival A"]
[Site "Porto San Giorgio ITA"]
[Date "2004.08.25"]
[Round "5"]
[White "Tomescu, Vlad"]
[Black "Bracaglia, Carlo"]
[Result "1-0"]
[WhiteElo "2397"]
[BlackElo "2166"]
[PlyCount "100"]
[EventDate "2004.08.21"]

1. d4 Nf6 2. c4 c5 3. d5 e6 4. Nc3 exd5 5. cxd5 d6 6. e4 g6 7. f4 Bg7 8. Bb5+
Nfd7 9. a4 O-O 10. Nf3 Na6 11. O-O Nb4 12. Re1 a6 13. Bf1 Re8 14. h3 Rb8 15.
Bd2 Nf8 16. Qb3 Bd7 17. g4 b5 18. axb5 axb5 19. Kh2 h5 20. gxh5 gxh5 21. Nd1
Ng6 22. Ra7 Bh6 23. Ng5 Bxg5 24. fxg5 Re5 25. Nf2 Ra8 26. Rea1 Rxa7 27. Rxa7
Kh7 28. Kh1 Be8 29. Qf3 Rxg5 30. Bxg5 Qxg5 31. Kh2 Ne5 32. Qg3 Qf6 33. Kg2 Nc2
34. h4 Nd4 35. Ra8 Qe7 36. Nh3 Ng4 37. Bd3 Kg7 38. Qf4 Ne5 39. Qg3+ Ng4 40. Nf2
Bd7 41. Ra7 c4 42. Nxg4 hxg4 43. Bb1 b4 44. Qxg4+ Bxg4 45. Rxe7 Bd1 46. Rc7 Bb3
47. Rb7 Nc2 48. Kg3 Kf6 49. Kf4 Ba4 50. Bxc2 Bxc2 1-0

[Event "XVI Festival A"]
[Site "Porto San Giorgio ITA"]
[Date "2004.08.25"]
[Round "5"]
[White "Trent, Lawrence"]
[Black "Buiano, Fabio"]
[Result "1-0"]
[WhiteElo "2400"]
[BlackElo "2094"]
[PlyCount "63"]
[EventDate "2004.08.21"]

1. e4 d6 2. d4 Nf6 3. Nc3 c6 4. f4 Qa5 5. Bd3 e5 6. Nf3 Bg4 7. Be3 exd4 8. Bxd4
Qb4 9. a3 Qxd4 10. Nxd4 Bxd1 11. Rxd1 Nbd7 12. O-O g6 13. Bc4 Bg7 14. Nf3 Nb6
15. Bb3 Rd8 16. e5 Ng4 17. exd6 O-O 18. Rfe1 Nc8 19. Ne5 Nf6 20. d7 Nb6 21. Rd6
Nfxd7 22. Nxf7 Rxf7 23. Re7 Rdf8 24. Rdxd7 Nxd7 25. Rxd7 Bxc3 26. bxc3 Kg7 27.
Rxf7+ Rxf7 28. Bxf7 Kxf7 29. Kf2 Ke6 30. Kf3 Kd5 31. g4 Kd6 32. Ke4 1-0

[Event "XVI Festival A"]
[Site "Porto San Giorgio ITA"]
[Date "2004.08.25"]
[Round "5"]
[White "Ventura, Sergio"]
[Black "Djuric, Stefan"]
[Result "1-0"]
[WhiteElo "2175"]
[BlackElo "2511"]
[PlyCount "99"]
[EventDate "2004.08.21"]

1. c4 g6 2. Nc3 c5 3. Nf3 Bg7 4. g3 Nc6 5. Bg2 d6 6. O-O e5 7. d3 Nge7 8. a3
O-O 9. Rb1 a5 10. Bg5 f6 11. Be3 Be6 12. Ne1 Rb8 13. Nc2 b6 14. b4 Qd7 15. Bd2
f5 16. bxa5 Nxa5 17. Ne3 Nec6 18. Ned5 Qa7 19. Nb5 Qd7 20. Nbc7 Bf7 21. Qa4 Kh8
22. Na6 Rbd8 23. Nxb6 Qa7 24. Bxa5 Nd4 25. Bd2 Be8 26. Qa5 e4 27. Nd5 Ra8 28.
Ndc7 Nxe2+ 29. Kh1 Bc6 30. Nxa8 Qxa8 31. Nc7 Qc8 32. Rfe1 Nd4 33. Nb5 e3 34.
Rxe3 Qb7 35. Bxc6 Qxc6+ 36. Kg1 f4 37. Nxd4 Bxd4 38. gxf4 Bxe3 39. Bxe3 Qf3 40.
Qc3+ Kg8 41. Qb2 Qg4+ 42. Kf1 Qh3+ 43. Ke2 Re8 44. Qb7 Kh8 45. Qf3 Qe6 46. Kf1
Qf5 47. Qd5 Qh3+ 48. Ke2 Qg4+ 49. Kd2 Rd8 50. Rb7 1-0

[Event "XVI Festival A"]
[Site "Porto San Giorgio ITA"]
[Date "2004.08.25"]
[Round "5"]
[White "Zaja, Ivan"]
[Black "Bokros, Albert"]
[Result "1/2-1/2"]
[WhiteElo "2452"]
[BlackElo "2470"]
[PlyCount "81"]
[EventDate "2004.08.21"]

1. d4 Nf6 2. c4 e6 3. Nf3 d5 4. Bg5 Bb4+ 5. Nc3 h6 6. Bxf6 Qxf6 7. e3 O-O 8.
Qb3 c5 9. cxd5 exd5 10. a3 Bxc3+ 11. Qxc3 cxd4 12. Qxd4 Qxd4 13. Nxd4 Nc6 14.
Rd1 Be6 15. Bb5 Nxd4 16. Rxd4 Rac8 17. Kd2 Rc5 18. Bd3 Rfc8 19. Rd1 Kf8 20. Ke2
Rc1 21. Ra4 a6 22. Rb4 Rxd1 23. Kxd1 Rc7 24. Kd2 Ke7 25. Rb6 Bd7 26. Bc2 Bc6
27. g3 Kd6 28. Rb4 Bd7 29. Bb3 Be6 30. Rd4 Rd7 31. Ba2 Ke7 32. b4 b6 33. Bb3 a5
34. h4 Kd6 35. f4 axb4 36. axb4 Ke7 37. Ke2 h5 38. Rd2 g6 39. Ba4 Rc7 40. Bb3
d4 41. Bxe6 1/2-1/2

[Event "XVI Festival A"]
[Site "Porto San Giorgio ITA"]
[Date "2004.08.26"]
[Round "6"]
[White "Bastarelli, Giuseppe"]
[Black "Pepe, Mario"]
[Result "1-0"]
[WhiteElo "1999"]
[BlackElo "2145"]
[PlyCount "129"]
[EventDate "2004.08.21"]

1. d4 Nf6 2. Nf3 g6 3. c4 Bg7 4. Nc3 d5 5. Bf4 c6 6. e3 Qa5 7. a3 dxc4 8. Bxb8
Rxb8 9. Bxc4 Bg4 10. b4 Qc7 11. Qb3 e6 12. Ne5 Bf5 13. f3 g5 14. Rc1 Nd7 15. f4
h6 16. O-O a6 17. Kh1 Nxe5 18. fxe5 Qe7 19. Be2 h5 20. Bf3 g4 21. Be4 Qg5 22.
Bxf5 exf5 23. Rce1 Rd8 24. Qc2 Rd7 25. Qxf5 Qxf5 26. Rxf5 Bf8 27. Ref1 Rh7 28.
e6 Re7 29. Rxf7 Rhxf7 30. exf7+ Rxf7 31. Rxf7 Kxf7 32. Kg1 a5 33. Na2 axb4 34.
Nxb4 Ke6 35. e4 c5 36. Nd3 cxd4 37. a4 Bd6 38. h3 b6 39. hxg4 hxg4 40. Kf2 Kf6
41. Ke2 Kg5 42. Nb2 Kf4 43. Nc4 Bc5 44. Kd3 g3 45. Nd2 Ke5 46. Nf3+ Ke6 47.
Nxd4+ Ke5 48. Nf3+ Kf4 49. Nd4 Ke5 50. Nb3 Bf2 51. Nd2 Bc5 52. Nf3+ Ke6 53. Kc4
Bf2 54. Kb5 Kd7 55. Nd2 Bd4 56. Kc4 Bf2 57. Kd5 Bg1 58. e5 Bc5 59. a5 Kc7 60.
a6 Bb4 61. Nc4 Be7 62. Nd6 Kb8 63. Nb5 Kc8 64. Kc6 Bc5 65. a7 1-0

[Event "XVI Festival A"]
[Site "Porto San Giorgio ITA"]
[Date "2004.08.26"]
[Round "6"]
[White "Bokros, Albert"]
[Black "Aleksic, Nenad"]
[Result "1/2-1/2"]
[WhiteElo "2470"]
[BlackElo "2395"]
[PlyCount "44"]
[EventDate "2004.08.21"]

1. e4 c5 2. Nf3 d6 3. d4 cxd4 4. Nxd4 Nf6 5. Nc3 a6 6. Bc4 e6 7. Bb3 Nbd7 8.
Bg5 Nc5 9. f4 Be7 10. Qf3 Qc7 11. O-O O-O 12. Rae1 Nxb3 13. Nxb3 b5 14. e5 Bb7
15. exf6 Bxf3 16. fxe7 Bb7 17. exf8=Q+ Rxf8 18. Rf2 b4 19. Ne4 h6 20. Bh4 f5
21. Ned2 e5 22. Bg3 g5 1/2-1/2

[Event "XVI Festival A"]
[Site "Porto San Giorgio ITA"]
[Date "2004.08.26"]
[Round "6"]
[White "Bontempi, Piero"]
[Black "Lalic, Bogdan"]
[Result "0-1"]
[WhiteElo "2325"]
[BlackElo "2527"]
[PlyCount "134"]
[EventDate "2004.08.21"]

1. e4 e5 2. Nf3 Nc6 3. d4 exd4 4. Nxd4 Nf6 5. Nc3 Bc5 6. Be3 Bb6 7. Be2 O-O 8.
O-O Re8 9. Bf3 Ne5 10. Be2 d6 11. h3 Bd7 12. Qd2 Ng6 13. Bd3 Ba5 14. Nb3 Nxe4
15. Bxe4 Bxc3 16. Qd3 Bxb2 17. Rab1 Bf6 18. Bxb7 Ne5 19. Qa6 Bc8 20. Bxa7 Bxb7
21. Qxb7 c5 22. Bb6 Qc8 23. Na5 Qxb7 24. Nxb7 Nc4 25. Rfd1 Rxa2 26. c3 Bxc3 27.
Rbc1 Nxb6 28. Rxc3 Na4 29. Rcc1 h6 30. Rxd6 Ree2 31. Ra6 Rxf2 32. Rxa4 Rxg2+
33. Kh1 Rh2+ 34. Kg1 Rag2+ 35. Kf1 Rb2 36. Kg1 Rxh3 37. Nxc5 Rg3+ 38. Kh1 Rf3
39. Rac4 g6 40. R4c2 Rxc2 41. Rxc2 Kg7 42. Kg2 Re3 43. Kf2 Re7 44. Rd2 h5 45.
Kf3 Re5 46. Ne4 g5 47. Rc2 Rf5+ 48. Kg2 h4 49. Rc5 Rxc5 50. Nxc5 g4 51. Kf2 Kf6
52. Ke3 Ke5 53. Nd3+ Kf5 54. Nf4 Kg5 55. Ne2 f5 56. Kf2 f4 57. Nd4 h3 58. Ne6+
Kf5 59. Ng7+ Ke4 60. Nh5 Ke5 61. Kf1 g3 62. Kg1 Kf5 63. Kh1 Kg5 64. Ng7 f3 65.
Ne6+ Kg4 66. Kg1 h2+ 67. Kh1 f2 0-1

[Event "XVI Festival A"]
[Site "Porto San Giorgio ITA"]
[Date "2004.08.26"]
[Round "6"]
[White "Bracaglia, Carlo"]
[Black "Rinaudo, Andrea"]
[Result "1-0"]
[WhiteElo "2166"]
[BlackElo "2018"]
[PlyCount "59"]
[EventDate "2004.08.21"]

1. e4 c5 2. Nf3 d6 3. d4 cxd4 4. Nxd4 Nf6 5. Nc3 a6 6. Bc4 e6 7. Bb3 b5 8. f4
b4 9. Na4 Nxe4 10. O-O d5 11. f5 Be7 12. fxe6 fxe6 13. Bf4 Bd7 14. Nf5 O-O 15.
Bxd5 Bc6 16. Bxe6+ Kh8 17. Be5 Bf6 18. Bxf6 Qxf6 19. Bb3 Nd7 20. Nd4 Qxf1+ 21.
Qxf1 Rxf1+ 22. Rxf1 Bb5 23. Rf7 Bxa4 24. Bxa4 Ndf6 25. Ne6 g6 26. Rb7 a5 27.
Kf1 Kg8 28. Ke2 Ra6 29. Bb3 Ra8 30. Nc7+ 1-0

[Event "XVI Festival A"]
[Site "Porto San Giorgio ITA"]
[Date "2004.08.26"]
[Round "6"]
[White "Bruno, Fabio"]
[Black "Cocchi, Andrea"]
[Result "1/2-1/2"]
[WhiteElo "2341"]
[BlackElo "2295"]
[PlyCount "24"]
[EventDate "2004.08.21"]

1. d4 c5 2. c4 cxd4 3. Nf3 Nc6 4. Nxd4 g6 5. Nxc6 bxc6 6. Qd4 Nf6 7. b3 Bg7 8.
Bb2 O-O 9. Nc3 d6 10. Rd1 Bf5 11. Qd2 Qa5 12. e3 Rfd8 1/2-1/2

[Event "XVI Festival A"]
[Site "Porto San Giorgio ITA"]
[Date "2004.08.26"]
[Round "6"]
[White "Bukal, Vladimir jr"]
[Black "Kolbus, Dietmar"]
[Result "1-0"]
[WhiteElo "2390"]
[BlackElo "2303"]
[PlyCount "105"]
[EventDate "2004.08.21"]

1. d4 Nf6 2. c4 g6 3. Nc3 d5 4. Bf4 Bg7 5. e3 O-O 6. Rc1 c6 7. Nf3 Qa5 8. Bd3
dxc4 9. Bxc4 Nd5 10. Bg3 Nxc3 11. Rxc3 c5 12. O-O cxd4 13. Nxd4 Nc6 14. Nxc6
bxc6 15. Rb3 Ba6 16. Ra3 Qxa3 17. bxa3 Bxc4 18. Re1 Bc3 19. Qc1 Bxe1 20. Qxc4
Ba5 21. h4 Rfc8 22. Be5 c5 23. h5 gxh5 24. g4 Bc7 25. Bc3 hxg4 26. Qxg4+ Kf8
27. Qg7+ Ke8 28. Qg8+ Kd7 29. Qxf7 Rg8+ 30. Kf1 Raf8 31. Qd5+ Ke8 32. Qc6+ Kd8
33. e4 e5 34. Qd5+ Kc8 35. Bxe5 Bxe5 36. Qxe5 Rh8 37. Qxc5+ Kb8 38. Qd6+ Ka8
39. Qh6 Rc8 40. e5 Rhe8 41. Qe3 Re6 42. Qe4+ Kb8 43. Qd5 Rce8 44. f4 Rb6 45.
Kf2 h5 46. f5 h4 47. f6 h3 48. f7 Rf8 49. e6 h2 50. Qe5+ Kc8 51. Kg2 Rd8 52.
Kxh2 Rb1 53. f8=Q 1-0

[Event "XVI Festival A"]
[Site "Porto San Giorgio ITA"]
[Date "2004.08.26"]
[Round "6"]
[White "Calandri, Fausto"]
[Black "Simonini, Roberto"]
[Result "1/2-1/2"]
[WhiteElo "2113"]
[BlackElo "1850"]
[PlyCount "68"]
[EventDate "2004.08.21"]

1. e4 e5 2. Nf3 Nf6 3. Nxe5 d6 4. Nf3 Nxe4 5. d4 d5 6. Bd3 Bd6 7. O-O O-O 8. c4
c6 9. cxd5 cxd5 10. Nc3 Nxc3 11. bxc3 Bg4 12. Rb1 Nd7 13. h3 Bh5 14. Rb5 Nb6
15. c4 Bxf3 16. Qxf3 dxc4 17. Bc2 Qd7 18. a4 g6 19. Be3 Rac8 20. Rfb1 c3 21. a5
Nc4 22. Rxb7 Qe6 23. Bb3 Qf5 24. Qxf5 gxf5 25. Bh6 Nxa5 26. Rxa7 Nxb3 27. Rxb3
c2 28. Ra1 Rfe8 29. Rc1 Re4 30. Kf1 Rxd4 31. Ke2 Re8+ 32. Re3 Rc8 33. Rb3 Re8+
34. Re3 Rc8 1/2-1/2

[Event "XVI Festival A"]
[Site "Porto San Giorgio ITA"]
[Date "2004.08.26"]
[Round "6"]
[White "Cerquitella, Luca"]
[Black "Andreolini, Mauro"]
[Result "1-0"]
[WhiteElo "2173"]
[BlackElo "1898"]
[PlyCount "67"]
[EventDate "2004.08.21"]

1. e4 e6 2. d4 c5 3. Nf3 cxd4 4. Nxd4 a6 5. Bd3 Nc6 6. Be3 Nf6 7. Nc3 Qc7 8.
O-O Be7 9. Kh1 O-O 10. f4 d6 11. Qf3 Bd7 12. Rae1 Nb4 13. Qg3 Nxd3 14. cxd3 Kh8
15. Nf3 Bc6 16. Bd4 b5 17. Nd1 d5 18. Nf2 Rad8 19. Be5 Qb7 20. Bxf6 gxf6 21. f5
dxe4 22. dxe4 Rg8 23. Qh3 exf5 24. Qxf5 Rg6 25. Nh3 Bd7 26. Qh5 Bg4 27. Qh4
Bxh3 28. Qxh3 Rdg8 29. Re2 Rg4 30. Nd2 R8g7 31. Qf3 Qc6 32. Nb3 Qb6 33. Rd2 Qc6
34. Re1 1-0

[Event "XVI Festival A"]
[Site "Porto San Giorgio ITA"]
[Date "2004.08.26"]
[Round "6"]
[White "Chiaretti, Roberto"]
[Black "Frugoli, Francesco"]
[Result "1-0"]
[WhiteElo "2207"]
[BlackElo "2034"]
[PlyCount "93"]
[EventDate "2004.08.21"]

1. d4 d5 2. Nf3 Nf6 3. c4 dxc4 4. e3 Bg4 5. Bxc4 e6 6. O-O Nbd7 7. Nc3 Bd6 8.
e4 e5 9. d5 O-O 10. h3 Bh5 11. Bd3 Nc5 12. Bc2 a5 13. Qe2 h6 14. Be3 Nfxe4 15.
Nxe4 Nxe4 16. Bxe4 f5 17. Bxf5 Rxf5 18. g4 Rxf3 19. Qxf3 Bg6 20. Rac1 Qe7 21.
Qg3 Be4 22. Rcd1 g5 23. f3 Bg6 24. Qe1 Rf8 25. Qd2 Bb4 26. Qe2 Kh7 27. a3 Bd6
28. Rde1 Rf7 29. Bf2 e4 30. Bd4 Bg3 31. Rd1 Bf4 32. fxe4 Qd6 33. Qg2 Re7 34.
Rfe1 c5 35. Bc3 c4 36. e5 Bxe5 37. Bxe5 Rxe5 38. Rxe5 Qxe5 39. d6 Qe3+ 40. Qf2
Qxh3 41. Rd4 c3 42. bxc3 Qxc3 43. d7 Qc1+ 44. Kg2 Qc6+ 45. Kf1 Qc1+ 46. Qe1
Qxa3 47. d8=Q 1-0

[Event "XVI Festival A"]
[Site "Porto San Giorgio ITA"]
[Date "2004.08.26"]
[Round "6"]
[White "Collutiis, Duilio"]
[Black "Jones, Gawain C.B."]
[Result "1-0"]
[WhiteElo "2387"]
[BlackElo "2453"]
[PlyCount "93"]
[EventDate "2004.08.21"]

1. e4 c5 2. Nf3 g6 3. d4 cxd4 4. Qxd4 Nf6 5. Nc3 Nc6 6. Qa4 d6 7. e5 Ng4 8. Bf4
Bg7 9. exd6 Qb6 10. O-O-O O-O 11. d7 Nxf2 12. dxc8=Q Raxc8 13. Bb5 Nxh1 14.
Rxh1 a6 15. Bd3 Nb4 16. Bd2 Nxd3+ 17. cxd3 Qd6 18. Qe4 Rfd8 19. Re1 b5 20. Kb1
e6 21. Re3 b4 22. Ne2 Bh6 23. Bxb4 Qb6 24. Bd2 Bxe3 25. Bxe3 Qc6 26. Qxc6 Rxc6
27. d4 f6 28. Nc3 g5 29. Kc2 Kf7 30. Ne1 Rcd6 31. b4 Rxd4 32. Bxd4 Rxd4 33. a3
e5 34. Nf3 Rf4 35. Ne2 Rc4+ 36. Kd3 Rc6 37. g4 Ke6 38. Nfd4+ exd4 39. Nxd4+ Kd5
40. Nxc6 Kxc6 41. Kc4 Kb6 42. a4 Kc6 43. Kd4 Kd6 44. Ke4 h6 45. Kf5 Kd5 46.
Kxf6 Kc4 47. b5 1-0

[Event "XVI Festival A"]
[Site "Porto San Giorgio ITA"]
[Date "2004.08.26"]
[Round "6"]
[White "Czebe, Attila"]
[Black "Ventura, Sergio"]
[Result "1-0"]
[WhiteElo "2479"]
[BlackElo "2175"]
[PlyCount "83"]
[EventDate "2004.08.21"]

1. d4 c5 2. d5 f5 3. g3 Nf6 4. Bg2 g6 5. Nc3 Bg7 6. Nh3 O-O 7. O-O Na6 8. Re1
d6 9. Nf4 Nc7 10. a4 g5 11. Nh3 h6 12. f4 g4 13. Nf2 Qe8 14. e4 fxe4 15. Ncxe4
Qg6 16. c4 Bf5 17. Ra3 Na6 18. Rae3 Nb4 19. R3e2 b6 20. Bd2 a5 21. Bc3 Rad8 22.
Re3 Rb8 23. Nxf6+ Bxf6 24. Be4 Bxe4 25. Nxe4 Bd4 26. Bxd4 cxd4 27. Rb3 Rbc8 28.
Nf2 Rxc4 29. Nxg4 Nxd5 30. Rd3 h5 31. Qb3 Rc5 32. Rxd4 e6 33. Nf2 Rxf4 34. Rxf4
Nxf4 35. Qxb6 e5 36. Qd8+ Kg7 37. Qe7+ Kh6 38. Qf8+ Kh7 39. Ne4 Nd5 40. Nxc5
dxc5 41. Rxe5 Qb1+ 42. Qf1 1-0

[Event "XVI Festival A"]
[Site "Porto San Giorgio ITA"]
[Date "2004.08.26"]
[Round "6"]
[White "Della Corte, Alessandro"]
[Black "Roeder, Matthias"]
[Result "0-1"]
[WhiteElo "2128"]
[BlackElo "2431"]
[PlyCount "50"]
[EventDate "2004.08.21"]

1. e4 c5 2. Nf3 d6 3. d4 cxd4 4. Qxd4 Nf6 5. e5 Nc6 6. Bb5 Qa5+ 7. Nc3 Qxb5 8.
Nxb5 Nxd4 9. Nfxd4 dxe5 10. Nc7+ Kd7 11. Nxa8 exd4 12. Bf4 e5 13. Bxe5 Bd6 14.
f4 Ng4 15. Bxd4 Re8+ 16. Kd2 Bxf4+ 17. Kc3 Be5 18. Rad1 Kc6 19. h3 Nf2 20. Bxe5
Nxd1+ 21. Rxd1 Rxe5 22. Rd8 Bd7 23. b4 b5 24. a4 bxa4 25. Rg8 Re3+ 0-1

[Event "XVI Festival A"]
[Site "Porto San Giorgio ITA"]
[Date "2004.08.26"]
[Round "6"]
[White "Di Martino, Antonio"]
[Black "Raineri, Valerio"]
[Result "0-1"]
[WhiteElo "2003"]
[BlackElo "2197"]
[PlyCount "60"]
[EventDate "2004.08.21"]

1. e4 e5 2. Nf3 Nc6 3. Bb5 a6 4. Ba4 Nge7 5. O-O d6 6. h3 Bd7 7. c3 Ng6 8. d4
Be7 9. b4 O-O 10. Bc2 Bf6 11. Be3 Nf4 12. Nbd2 g5 13. Nh2 exd4 14. Bxf4 gxf4
15. Qh5 Be5 16. Ndf3 Qf6 17. cxd4 Nxd4 18. Nxd4 Bxd4 19. e5 Qg7 20. Rad1 dxe5
21. Nf3 Bc6 22. Kh2 Rad8 23. g3 Bxf2 24. Rxf2 fxg3+ 25. Kg1 gxf2+ 26. Kxf2 Rxd1
27. Bxd1 Re8 28. Qf5 e4 29. Ng5 Qd4+ 30. Ke1 Qg1+ 0-1

[Event "XVI Festival A"]
[Site "Porto San Giorgio ITA"]
[Date "2004.08.26"]
[Round "6"]
[White "Djuric, Stefan"]
[Black "Sbraccia, Giovanni"]
[Result "1-0"]
[WhiteElo "2511"]
[BlackElo "2140"]
[PlyCount "27"]
[EventDate "2004.08.21"]

1. e4 c6 2. Nc3 d5 3. Nf3 Bg4 4. h3 Bxf3 5. Qxf3 e6 6. d4 Bd6 7. Bd2 Ne7 8.
O-O-O Nd7 9. h4 a6 10. h5 b5 11. Qg4 Qa5 12. Nxb5 Bb4 13. Bxb4 Qxa2 14. Nc7+
1-0

[Event "XVI Festival A"]
[Site "Porto San Giorgio ITA"]
[Date "2004.08.26"]
[Round "6"]
[White "Facchetti, Gianni"]
[Black "Manganelli, Gianpaolo"]
[Result "1-0"]
[WhiteElo "2190"]
[BlackElo "2035"]
[PlyCount "117"]
[EventDate "2004.08.21"]

1. e4 c5 2. Nf3 d6 3. d4 cxd4 4. Qxd4 Nc6 5. Bb5 Qa5+ 6. Nc3 Qxb5 7. Nxb5 Nxd4
8. Nfxd4 Kd8 9. O-O Nf6 10. e5 dxe5 11. Nf3 a6 12. Rd1+ Bd7 13. Nxe5 axb5 14.
Bg5 Ra6 15. Bxf6 exf6 16. Nxd7 Kc7 17. Nxf8 Rxf8 18. a3 Re8 19. Kf1 Rae6 20.
Rd2 g6 21. Rad1 R8e7 22. f3 h5 23. Rd3 Re2 24. R3d2 R2e6 25. h4 Re5 26. Rd5 g5
27. Rxe5 Rxe5 28. Kf2 gxh4 29. Rd4 Kc6 30. Rxh4 Rd5 31. Ke3 Rg5 32. g4 hxg4 33.
Rxg4 Re5+ 34. Re4 Kd6 35. Kf4 Rd5 36. Re8 Kd7 37. Rf8 Rd2 38. Rxf7+ Kc8 39.
Rxf6 Rxc2 40. b4 Rc3 41. Rf8+ Kc7 42. Ra8 b6 43. Kg4 Kb7 44. Re8 Rxa3 45. Re4
Kc6 46. Rd4 Rc3 47. Kf4 Rc1 48. Kf5 Rc4 49. Ke4 Rc1 50. f4 Re1+ 51. Kf5 Rc1 52.
Kf6 Rc4 53. Ke5 Rc1 54. f5 Re1+ 55. Re4 Rf1 56. Ke6 Rh1 57. f6 Rh6 58. Ke5 Rh1
59. f7 1-0

[Event "XVI Festival A"]
[Site "Porto San Giorgio ITA"]
[Date "2004.08.26"]
[Round "6"]
[White "Farago, Ivan"]
[Black "Trent, Lawrence"]
[Result "1/2-1/2"]
[WhiteElo "2472"]
[BlackElo "2400"]
[PlyCount "42"]
[EventDate "2004.08.21"]

1. d4 Nf6 2. c4 e6 3. Nf3 d5 4. Nc3 dxc4 5. e3 a6 6. a4 c5 7. Bxc4 Nc6 8. O-O
Be7 9. dxc5 Qxd1 10. Rxd1 Bxc5 11. b3 O-O 12. Bb2 b6 13. Ng5 Be7 14. Nge4 Na5
15. Ba3 Nxe4 16. Nxe4 Bxa3 17. Rxa3 Bb7 18. Nd6 Rfd8 19. Raa1 Bc6 20. f3 Kf8
21. e4 Ke7 1/2-1/2